|
|
|
|
| LEADER |
00000nam a22000007a 4500 |
| 008 |
200409s2008 co |||| o|||| 00| 0 spa d |
| 952 |
|
|
|0 0
|1 0
|4 0
|6 RECURSO_ELECTRÓNICO
|7 0
|8 BAS
|9 94639
|a BC
|b BC
|c Digital
|d 2021-05-05
|l 0
|o RECURSO ELECTRÓNICO
|r 2021-05-05 00:00:00
|w 2021-05-05
|y REVA
|B PBAS
|
| 999 |
|
|
|c 54209
|d 54209
|
| 040 |
|
|
|a UAHC
|c UAHC
|
| 100 |
|
|
|9 13754
|a Rodríguez Chávez, Miriam Soledad
|
| 245 |
1 |
0 |
|a Educar en las emociones:
|b un desafío hacia la integración
|c Miriam Soledad Rodríguez Chávez.
|
| 260 |
|
|
|a Bogotá:
|b Universidad del Rosario,
|c 2008.
|
| 300 |
|
|
|a pp. 195-218
|
| 500 |
|
|
|a En: Avances en Psicología Latinoamericana, n° 16, 2008. pp. 195-218.
|
| 500 |
|
|
|a Sitio visitado http://www.unife.edu.pe/publicaciones/revistas/psicologia/2008/educaremociones.pdf el 05 de mayo de 2021.
|
| 520 |
|
|
|a El fuerte impulso que se ha dado en Chile, en estos últimos años a los programas de integración para que alumnos con Necesidades Educativas Especiales: N.E.E, puedan acceder a la enseñanza en escuelas regulares conlleva una serie de desafíos y nuevas interrogantes a las que no se estaría dando respuestas efectivas para una integración de calidad. La Inteligencia Emocional es el centro de nuestra investigación, se presenta un estudio de tipo exploratorio descriptivo con fundamento teórico y práctico de cuatro alumnos integrados, de ambos géneros, cursando la educación básica, procedentes de diferentes estratos sociales que pertenecen a diferentes comunas de Santiago de Chile. Finalmente, destacamos los programas más actuales que existen.
|
| 650 |
|
0 |
|9 7837
|a Desarrollo infantil
|
| 650 |
|
0 |
|9 2666
|a Educación inclusiva
|z Chile
|
| 650 |
|
0 |
|9 1163
|a Integración en la educación
|z Chile
|
| 650 |
|
0 |
|9 8961
|a Inteligencia emocional
|
| 856 |
|
|
|u http://www.unife.edu.pe/publicaciones/revistas/psicologia/2008/educaremociones.pdf
|y Acceso electrónico al documento
|
| 900 |
|
|
|a Recurso electrónico
|
| 942 |
|
|
|c REVA
|